| 000 | 01121nam a2200193 a 4500 | ||
|---|---|---|---|
| 008 | 190531s2001 ag ||||gr|||| 001 f spa d | ||
| 020 | _a9507530908 | ||
| 041 | _aspa | ||
| 092 |
_2808 _c77 _lSAR |
||
| 100 | 1 |
_aSarfati, Sonia _94045 |
|
| 245 |
_aVéronique / _cSarfati, Sonia |
||
| 250 |
_a1a ed. _bTraducción Valeria Castelló- Joubert |
||
| 260 |
_aBuenos Aires: _bCántaro ; Puerto de Palos; _c2001. |
||
| 300 | _a97 p. | ||
| 500 | _aSarfati, S. (2001). Véronique. (1a ed.). Buenos Aires : Cántaro ; Puerto de Palos. | ||
| 505 | _aGabrielle y Véronique son casi como hermanas. Tienen quince años y se conocen profundamente. Sin embargo algo comienza a cambiar entre ellas. Mientras Gabrielle se enamora por primera vez, Véronique se vuelve posesiva y envidiosa. Está obsesionada con ser cada vez más delgada. Y quiere lograrlo a cualquier precio. Pero Gabrielle no está dispuesta a ver cómo su mejor amiga pierde el apetito por la vida. Es hora de que, juntas, prueben que son de "la raza de los sobrevivientes". | ||
| 590 | _aProyecto 4to libro. Donación Julia Cabanne, mayo 2019. | ||
| 942 |
_2ddc _cLIT |
||
| 999 |
_c3005 _d3005 |
||